000 01097cam a2200265 4500
001
008 011218n2001 000 0 eng u
020 _a0727730363
035 _a(Sirsi) u116038
100 _aJoyce, R.
245 4 _aThe Construction (Design and Management) Regulations 1994 explained
250 _a2nd ed.
260 _aLondon
_bThomas Telford
_c2001
300 _axvii,230p.
_c21cm.
350 _a30.00
520 _aA second edition of this guide to the statutory duties imposed on clients, contractors, designers and planning supervisors by the CDM Regulations, which has been updated to incorporate the Construction (Design and Management) (Amendment) Regulations 2000.
650 _aCONSTRUCTION (DESIGN AND MANAGEMENT) REGULATIONS 1994
650 _aCONDAM REGULATIONS
650 _aCONSTRUCTION (DESIGN AND MANAGEMENT) REGULATIONS 1994
650 _aCONSTRUCTION (DESIGN AND MANAGEMENT) (AMENDMENT) REGULATIONS 2000
650 _aCONSTRUCTION INDUSTRY
650 _aHEALTH AND SAFETY
_96244
690 _aBUILT ENVIRONMENT-BUILDING STANDARDS
942 _n0
999 _c101809
_d101809